Catálogo
 En Linea
Vista normal Vista MARC

Entrada Término temático

Número de registros utilizados en: 1

001 - NÚMERO DE CONTROL

  • campo de control: 64689

003 - IDENTIFICADOR DEL NÚMERO DE CONTROL

  • campo de control: OSt

005 - FECHA Y HORA DE LA ÚLTIMA TRANSACCIÓN

  • campo de control: 20200615035502.0

008 - DATOS DE LONGITUD FIJA

  • campo de control de longitud fija: 200615|| aca||aabn | a|a d

040 ## - FUENTE DE LA CATALOGACIÓN

  • Centro catalogador/agencia de origen: OSt
  • Centro/agencia transcriptor: OSt

150 ## - ENCABEZAMIENTO--TÉRMINO DE MATERIA

  • Término de materia o nombre geográfico como elemento de entrada: JUDEUS
  • Subdivisión geográfica: PAÍSES BAJOS

670 ## - FUENTE DE DATOS ENCONTRADOS

  • Cita de la fuente: Work cat.: (OSt)37815: Frank, Ana 51149, El diario de Ana Frank /, [s. f.].

Con tecnología Koha